000
00306nam a2200109Ia 4500
008
200302s9999 xx 000 0 und d
100
_a
Christiane Crasemann Collins
245
_a
Werner Hegemann and the Search for Universal Urbanism
260
_b
W.W. Norton and Company
260
_c
2005
300
_a
417 P.,
999
_c
5415
_d
5415